[Event "DEM U10 2023"]
[Site "Willingen GER"]
[Date "2023.05.28"]
[Round "1"]
[White "Becker, Linus"]
[Black "Tarasenko, Nazar"]
[Result "0-1"]
[Termination "normal"]
[Board "1"]
[WhiteElo "1445"]
[BlackElo "1970"]
[WhiteClock "00:44:34"]
[BlackClock "01:23:08"]
[PlyCount "114"]
[WhiteFideId "34614958"]
[BlackFideId "34161430"]
[EventCountry "GER"]
[EventRounds "11"]
[EventType "swiss"]
[EventDate "2023.05.27"]

1. c4 {[%clk 01:15:57]} {[%emt 00:00:02]} Nf6 {[%clk 01:15:42]} {[%emt
00:00:18]} 2. g3 {[%clk 01:16:19]} {[%emt 00:00:09]} c6 {[%clk 01:15:58]}
{[%emt 00:00:13]} 3. Bg2 {[%clk 01:16:39]} {[%emt 00:00:10]} d5 {[%clk
01:16:22]} {[%emt 00:00:06]} 4. cxd5 {[%clk 01:16:49]} {[%emt 00:00:20]} cxd5
{[%clk 01:16:47]} {[%emt 00:00:06]} 5. Nc3 {[%clk 01:16:48]} {[%emt 00:00:30]}
Nc6 {[%clk 01:16:07]} {[%emt 00:01:10]} 6. Nf3 {[%clk 01:16:28]} {[%emt
00:00:51]} d4 {[%clk 01:16:29]} {[%emt 00:00:07]} 7. Na4 {[%clk 01:15:32]}
{[%emt 00:01:27]} e5 {[%clk 01:16:47]} {[%emt 00:00:12]} 8. d3 {[%clk
01:13:59]} {[%emt 00:02:03]} Bd7 {[%clk 01:17:05]} {[%emt 00:00:12]} 9. b3
{[%clk 01:14:03]} {[%emt 00:00:26]} Bd6 {[%clk 01:16:31]} {[%emt 00:01:03]} 10.
O-O {[%clk 01:14:09]} {[%emt 00:00:24]} O-O {[%clk 01:16:56]} {[%emt 00:00:05]}
11. h3 {[%clk 01:13:58]} {[%emt 00:00:42]} h5 {[%clk 01:17:12]} {[%emt
00:00:14]} 12. Bg5 {[%clk 01:13:54]} {[%emt 00:00:33]} Rc8 {[%clk 01:17:21]}
{[%emt 00:00:22]} 13. Nd2 {[%clk 01:11:21]} {[%emt 00:03:03]} b5 {[%clk
01:17:28]} {[%emt 00:00:22]} 14. Nb2 {[%clk 01:11:14]} {[%emt 00:00:37]} Nb4
{[%clk 01:17:17]} {[%emt 00:00:41]} 15. Ne4 {[%clk 01:08:33]} {[%emt 00:03:11]}
Be7 {[%clk 01:17:42]} {[%emt 00:00:05]} 16. e3 {[%clk 01:01:38]} {[%emt
00:07:26]} Nxe4 {[%clk 01:16:02]} {[%emt 00:02:09]} 17. Bxe7 {[%clk 01:01:53]}
{[%emt 00:00:15]} Nc3 {[%clk 01:15:57]} {[%emt 00:00:35]} 18. Bxd8 {[%emt
00:04:29]} Nxd1 {[%clk 01:16:18]} {[%emt 00:00:05]} 19. Rfxd1 {[%clk 00:56:35]}
{[%emt 00:01:54]} Rfxd8 {[%clk 01:16:40]} {[%emt 00:00:07]} 20. exd4 {[%clk
00:55:07]} {[%emt 00:01:59]} Rc2 {[%clk 01:16:54]} {[%emt 00:00:15]} 21. a3
{[%clk 00:51:30]} {[%emt 00:04:08]} Na6 {[%clk 01:15:49]} {[%emt 00:01:35]} 22.
Ra2 {[%clk 00:50:38]} {[%emt 00:01:22]} exd4 {[%clk 01:15:56]} {[%emt
00:00:23]} 23. Rda1 {[%clk 00:49:39]} {[%emt 00:01:29]} Be6 {[%clk 01:16:13]}
{[%emt 00:00:12]} 24. Nd1 {[%clk 00:49:48]} {[%emt 00:00:21]} Rxa2 {[%clk
01:16:29]} {[%emt 00:00:16]} 25. Rxa2 {[%clk 00:49:56]} {[%emt 00:00:21]} Bxb3
{[%clk 01:16:52]} {[%emt 00:00:07]} 26. Ra1 {[%clk 00:49:26]} {[%emt 00:01:00]}
Bd5 {[%clk 01:16:37]} {[%emt 00:00:45]} 27. Rb1 {[%clk 00:47:31]} {[%emt
00:02:25]} Bxg2 {[%clk 01:16:39]} {[%emt 00:00:28]} 28. Kxg2 {[%clk 00:47:59]}
{[%emt 00:00:03]} Rd5 {[%clk 01:16:48]} {[%emt 00:00:21]} 29. Kf3 {[%clk
00:47:30]} {[%emt 00:00:58]} f5 {[%clk 01:17:09]} {[%emt 00:00:08]} 30. Kf4
{[%clk 00:46:47]} {[%emt 00:01:14]} Nc5 {[%clk 01:17:31]} {[%emt 00:00:08]} 31.
Nb2 {[%clk 00:45:48]} {[%emt 00:01:28]} Ne6+ {[%clk 01:17:54]} {[%emt
00:00:07]} 32. Kf3 {[%clk 00:45:59]} {[%emt 00:00:19]} Rc5 {[%clk 01:18:17]}
{[%emt 00:00:08]} 33. Nd1 {[%clk 00:45:20]} {[%emt 00:01:09]} Kf7 {[%clk
01:17:43]} {[%emt 00:01:04]} 34. Rb2 {[%clk 00:44:40]} {[%emt 00:01:08]} a5
{[%clk 01:17:38]} {[%emt 00:00:37]} 35. Ke2 {[%clk 00:44:55]} {[%emt 00:00:15]}
Ke7 {[%clk 01:17:58]} {[%emt 00:00:10]} 36. f4 {[%clk 00:44:54]} {[%emt
00:00:30]} h4 {[%clk 01:18:21]} {[%emt 00:00:07]} 37. Kf3 {[%clk 00:44:41]}
{[%emt 00:00:43]} hxg3 {[%clk 01:18:39]} {[%emt 00:00:12]} 38. Kxg3 {[%clk
00:45:09]} {[%emt 00:00:02]} Rc1 {[%clk 01:18:45]} {[%emt 00:00:24]} 39. Nf2
{[%clk 00:45:26]} {[%emt 00:00:14]} Rc5 {[%clk 01:18:43]} {[%emt 00:00:32]} 40.
h4 {[%clk 00:45:39]} {[%emt 00:00:17]} Kd6 {[%clk 01:19:07]} {[%emt 00:00:06]}
41. Kf3 {[%clk 00:45:28]} {[%emt 00:00:40]} Kc6 {[%clk 01:19:26]} {[%emt
00:00:11]} 42. Nh3 {[%clk 00:45:33]} {[%emt 00:00:25]} Rc3 {[%clk 01:19:45]}
{[%emt 00:00:11]} 43. Re2 {[%clk 00:44:59]} {[%emt 00:01:04]} Rxd3+ {[%clk
01:20:04]} {[%emt 00:00:12]} 44. Kg2 {[%clk 00:45:26]} {[%emt 00:00:03]} Nc5
{[%clk 01:20:18]} {[%emt 00:00:16]} 45. Re7 {[%clk 00:45:35]} {[%emt 00:00:20]}
Rxa3 {[%clk 01:20:34]} {[%emt 00:00:15]} 46. Rxg7 {[%clk 00:45:56]} {[%emt
00:00:07]} d3 {[%clk 01:20:45]} {[%emt 00:00:20]} 47. h5 {[%clk 00:46:06]}
{[%emt 00:00:20]} Ra2+ {[%clk 01:20:37]} {[%emt 00:00:38]} 48. Kf3 {[%clk
00:45:57]} {[%emt 00:00:38]} d2 {[%clk 01:20:56]} {[%emt 00:00:12]} 49. Nf2
{[%clk 00:46:17]} {[%emt 00:00:10]} Ne4 {[%clk 01:21:14]} {[%emt 00:00:12]} 50.
Nd1 {[%clk 00:46:12]} {[%emt 00:00:34]} Ra3+ {[%clk 01:21:25]} {[%emt
00:00:21]} 51. Kg2 {[%clk 00:45:31]} {[%emt 00:01:09]} Ra1 {[%clk 01:21:20]}
{[%emt 00:00:37]} 52. Ne3 {[%clk 00:45:21]} {[%emt 00:00:39]} Re1 {[%clk
01:21:40]} {[%emt 00:00:10]} 53. h6 {[%clk 00:43:53]} {[%emt 00:01:59]} Rxe3
{[%clk 01:22:03]} {[%emt 00:00:07]} 54. h7 {[%clk 00:44:08]} {[%emt 00:00:15]}
d1=Q {[%clk 01:22:24]} {[%emt 00:00:09]} 55. h8=Q {[%clk 00:44:20]} {[%emt
00:00:17]} Qd2+ {[%clk 01:22:50]} {[%emt 00:00:05]} 56. Kh1 {[%clk 00:44:44]}
{[%emt 00:00:04]} Nf2+ {[%clk 01:22:45]} {[%emt 00:00:36]} 57. Kg2 {[%clk
00:44:34]} {[%emt 00:00:40]} Ng4+ {[%clk 01:23:08]} {[%emt 00:00:07]} 0-1

[Event "DEM U10 2023"]
[Site "Willingen GER"]
[Date "2023.05.28"]
[Round "1"]
[White "Baumann, Simon"]
[Black "Steinbrenner, Peter"]
[Result "0-1"]
[Termination "normal"]
[Board "3"]
[WhiteElo "1423"]
[BlackElo "1601"]
[WhiteClock "00:25:38"]
[BlackClock "00:30:19"]
[PlyCount "62"]
[WhiteFideId "34643664"]
[BlackFideId "34645535"]
[EventCountry "GER"]
[EventRounds "11"]
[EventType "swiss"]
[EventDate "2023.05.27"]

1. e4 {[%clk 01:15:58]} {[%emt 00:00:01]} c5 {[%clk 01:15:56]} {[%emt
00:00:04]} 2. Nf3 {[%clk 01:16:22]} {[%emt 00:00:05]} d6 {[%clk 01:16:18]}
{[%emt 00:00:08]} 3. b3 {[%clk 01:16:10]} {[%emt 00:00:43]} Nf6 {[%clk
01:15:46]} {[%emt 00:01:01]} 4. d3 {[%clk 01:12:41]} {[%emt 00:04:00]} e5
{[%clk 01:15:19]} {[%emt 00:00:58]} 5. c4 {[%clk 01:12:45]} {[%emt 00:00:26]}
Nc6 {[%clk 01:11:03]} {[%emt 00:04:45]} 6. Nc3 {[%clk 01:12:55]} {[%emt
00:00:20]} a6 {[%clk 01:05:50]} {[%emt 00:05:44]} 7. a4 {[%clk 01:12:46]}
{[%emt 00:00:39]} h6 {[%clk 01:02:35]} {[%emt 00:03:44]} 8. Be2 {[%clk
01:11:49]} {[%emt 00:01:27]} Be7 {[%clk 01:01:20]} {[%emt 00:01:45]} 9. Be3
{[%clk 01:11:36]} {[%emt 00:00:44]} Bd7 {[%clk 00:58:02]} {[%emt 00:03:48]} 10.
Qd2 {[%clk 01:11:23]} {[%emt 00:00:43]} Rb8 {[%clk 00:56:07]} {[%emt 00:02:22]}
11. O-O {[%clk 01:07:58]} {[%emt 00:03:57]} Nd4 {[%clk 00:53:56]} {[%emt
00:02:42]} 12. Bxd4 {[%clk 01:05:54]} {[%emt 00:02:33]} cxd4 {[%clk 00:54:17]}
{[%emt 00:00:09]} 13. Nd5 {[%clk 01:06:07]} {[%emt 00:00:18]} Nxd5 {[%clk
00:54:24]} {[%emt 00:00:22]} 14. cxd5 {[%clk 01:06:03]} {[%emt 00:00:34]} O-O
{[%clk 00:51:33]} {[%emt 00:03:21]} 15. Ne1 {[%clk 00:58:41]} {[%emt 00:07:52]}
f5 {[%clk 00:43:11]} {[%emt 00:08:53]} 16. f3 {[%clk 00:56:45]} {[%emt
00:02:26]} f4 {[%clk 00:42:30]} {[%emt 00:01:11]} 17. Rc1 {[%clk 00:52:43]}
{[%emt 00:04:32]} Rf6 {[%clk 00:41:15]} {[%emt 00:01:44]} 18. Qc2 {[%clk
00:46:11]} {[%emt 00:07:02]} Rc8 {[%clk 00:39:04]} {[%emt 00:02:42]} 19. Qd2
{[%clk 00:44:53]} {[%emt 00:01:47]} Rg6 {[%clk 00:38:08]} {[%emt 00:01:25]} 20.
Rxc8 {[%clk 00:42:06]} {[%emt 00:03:19]} Bxc8 {[%clk 00:38:08]} {[%emt
00:00:30]} 21. Qb4 {[%clk 00:40:59]} {[%emt 00:01:36]} Bh4 {[%clk 00:34:49]}
{[%emt 00:03:49]} 22. Kh1 {[%clk 00:37:09]} {[%emt 00:04:21]} Qg5 {[%clk
00:33:59]} {[%emt 00:01:15]} 23. Rg1 {[%clk 00:35:51]} {[%emt 00:01:52]} Bf2
{[%clk 00:34:03]} {[%emt 00:00:26]} 24. Qc4 {[%clk 00:30:40]} {[%emt 00:05:41]}
Bh3 {[%clk 00:34:22]} {[%emt 00:00:11]} 25. Bf1 {[%clk 00:30:47]} {[%emt
00:00:23]} Bxe1 {[%clk 00:33:58]} {[%emt 00:00:54]} 26. Qc2 {[%clk 00:31:07]}
{[%emt 00:00:09]} Bd7 {[%clk 00:32:56]} {[%emt 00:01:33]} 27. Qc7 {[%clk
00:27:50]} {[%emt 00:03:48]} Be8 {[%clk 00:30:25]} {[%emt 00:02:58]} 28. Qc8
{[%clk 00:26:08]} {[%emt 00:02:14]} Kf8 {[%clk 00:30:02]} {[%emt 00:00:51]} 29.
Qc2 {[%clk 00:25:38]} {[%emt 00:01:02]} Bg3 {[%clk 00:30:08]} {[%emt 00:00:24]}
30. h3 {[%clk 00:25:52]} {[%emt 00:00:16]} Qh4 {[%clk 00:30:19]} {[%emt
00:00:19]} 31. Be2 {[%clk 00:25:38]} {[%emt 00:00:45]} Bd7 {[%emt 00:01:24]}
0-1

[Event "DEM U10 2023"]
[Site "Willingen GER"]
[Date "2023.05.28"]
[Round "1"]
[White "Li, Yunqi"]
[Black "Fels, Mattis"]
[Result "1/2-1/2"]
[Termination "normal"]
[Board "4"]
[WhiteElo "1609"]
[BlackElo "1682"]
[WhiteClock "00:04:54"]
[BlackClock "00:05:27"]
[PlyCount "113"]
[WhiteFideId "34610618"]
[BlackFideId "34623795"]
[EventCountry "GER"]
[EventRounds "11"]
[EventType "swiss"]
[EventDate "2023.05.27"]

1. e4 {[%clk 01:15:58]} {[%emt 00:00:01]} c5 {[%clk 01:15:53]} {[%emt
00:00:07]} 2. Nf3 {[%clk 01:16:24]} {[%emt 00:00:05]} e6 {[%clk 01:16:13]}
{[%emt 00:00:10]} 3. d4 {[%clk 01:16:36]} {[%emt 00:00:18]} cxd4 {[%clk
01:16:34]} {[%emt 00:00:09]} 4. Nxd4 {[%clk 01:16:59]} {[%emt 00:00:06]} Nc6
{[%clk 01:16:36]} {[%emt 00:00:29]} 5. Nc3 {[%clk 01:16:48]} {[%emt 00:00:40]}
Qc7 {[%clk 01:16:54]} {[%emt 00:00:13]} 6. Be2 {[%clk 01:16:08]} {[%emt
00:01:09]} a6 {[%clk 01:17:10]} {[%emt 00:00:15]} 7. O-O {[%clk 01:15:35]}
{[%emt 00:01:02]} Nf6 {[%clk 01:17:24]} {[%emt 00:00:16]} 8. Be3 {[%clk
01:15:48]} {[%emt 00:00:17]} Bb4 {[%clk 01:17:30]} {[%emt 00:00:25]} 9. Na4
{[%clk 01:15:24]} {[%emt 00:00:54]} Bd6 {[%clk 01:17:27]} {[%emt 00:00:33]} 10.
Nxc6 {[%clk 01:00:33]} {[%emt 00:15:21]} Bxh2+ {[%clk 00:57:04]} {[%emt
00:20:53]} 11. Kh1 {[%clk 01:00:51]} {[%emt 00:00:11]} bxc6 {[%clk 00:57:03]}
{[%emt 00:00:31]} 12. g3 {[%clk 00:55:30]} {[%emt 00:05:52]} Bxg3 {[%clk
00:57:07]} {[%emt 00:00:26]} 13. fxg3 {[%clk 00:55:31]} {[%emt 00:00:29]} Nxe4
{[%clk 00:41:35]} {[%emt 00:16:00]} 14. Bf4 {[%clk 00:51:45]} {[%emt 00:04:17]}
Nxg3+ {[%clk 00:41:07]} {[%emt 00:00:59]} 15. Bxg3 {[%clk 00:49:50]} {[%emt
00:02:25]} Qxg3 {[%clk 00:41:13]} {[%emt 00:00:23]} 16. Nc3 {[%clk 00:43:12]}
{[%emt 00:07:08]} Rb8 {[%clk 00:33:48]} {[%emt 00:07:55]} 17. Qd4 {[%clk
00:35:41]} {[%emt 00:08:01]} Bb7 {[%clk 00:30:32]} {[%emt 00:03:46]} 18. Bf3
{[%clk 00:31:20]} {[%emt 00:04:51]} c5 {[%clk 00:29:56]} {[%emt 00:01:06]} 19.
Qd3 {[%clk 00:29:49]} {[%emt 00:02:02]} Qh4+ {[%clk 00:18:32]} {[%emt
00:11:54]} 20. Kg1 {[%clk 00:28:09]} {[%emt 00:02:09]} Qd4+ {[%clk 00:18:33]}
{[%emt 00:00:30]} 21. Qxd4 {[%clk 00:27:30]} {[%emt 00:01:08]} cxd4 {[%clk
00:18:55]} {[%emt 00:00:08]} 22. Na4 {[%clk 00:26:49]} {[%emt 00:01:11]} Bxf3
{[%clk 00:18:16]} {[%emt 00:01:10]} 23. Rxf3 {[%clk 00:27:06]} {[%emt
00:00:12]} Ke7 {[%clk 00:18:05]} {[%emt 00:00:41]} 24. Raf1 {[%clk 00:24:00]}
{[%emt 00:03:36]} f6 {[%clk 00:17:29]} {[%emt 00:01:06]} 25. b3 {[%clk
00:18:45]} {[%emt 00:05:45]} Rhc8 {[%clk 00:14:40]} {[%emt 00:03:19]} 26. R1f2
{[%clk 00:14:02]} {[%emt 00:05:12]} Rb5 {[%clk 00:13:21]} {[%emt 00:01:50]} 27.
Rg3 {[%clk 00:13:25]} {[%emt 00:01:07]} Kf7 {[%clk 00:12:16]} {[%emt 00:01:36]}
28. Nb2 {[%clk 00:11:06]} {[%emt 00:02:49]} Rc6 {[%clk 00:10:22]} {[%emt
00:02:23]} 29. Nd3 {[%clk 00:10:58]} {[%emt 00:00:38]} Rc3 {[%clk 00:08:24]}
{[%emt 00:02:28]} 30. a4 {[%clk 00:10:11]} {[%emt 00:01:17]} Ra5 {[%clk
00:05:02]} {[%emt 00:03:52]} 31. Rg4 {[%clk 00:06:09]} {[%emt 00:04:32]} e5
{[%clk 00:02:50]} {[%emt 00:02:43]} 32. Rg5 {[%clk 00:05:10]} {[%emt 00:01:29]}
d6 {[%clk 00:02:09]} {[%emt 00:01:10]} 33. Rgf5 {[%clk 00:04:09]} {[%emt
00:01:31]} Ke6 {[%clk 00:00:33]} {[%emt 00:02:06]} 34. Kg2 {[%clk 00:03:05]}
{[%emt 00:01:34]} d5 {[%clk 00:00:50]} {[%emt 00:00:13]} 35. b4 {[%clk
00:02:59]} {[%emt 00:00:36]} Rxa4 {[%clk 00:00:50]} {[%emt 00:00:31]} 36. Nc5+
{[%clk 00:03:22]} {[%emt 00:00:07]} Rxc5 {[%clk 00:01:15]} {[%emt 00:00:05]}
37. bxc5 {[%clk 00:03:45]} {[%emt 00:00:07]} Rc4 {[%clk 00:01:25]} {[%emt
00:00:20]} 38. Rh5 {[%clk 00:02:56]} {[%emt 00:01:18]} h6 {[%clk 00:01:42]}
{[%emt 00:00:14]} 39. Rh3 {[%clk 00:02:56]} {[%emt 00:00:30]} Rxc5 {[%clk
00:01:54]} {[%emt 00:00:18]} 40. Rb3 {[%clk 00:03:12]} {[%emt 00:00:13]} Rc6
{[%clk 00:02:06]} {[%emt 00:00:19]} 41. Rb7 {[%clk 00:03:28]} {[%emt 00:00:14]}
g6 {[%clk 00:02:09]} {[%emt 00:00:26]} 42. Rg7 {[%clk 00:02:10]} {[%emt
00:01:48]} g5 {[%clk 00:02:22]} {[%emt 00:00:18]} 43. Rg6 {[%clk 00:00:34]}
{[%emt 00:02:05]} Kf7 {[%clk 00:10:31]} {[%emt 00:07:21]} 44. Rxh6 {[%clk
00:15:52]} {[%emt 00:00:12]} Re6 {[%clk 00:10:50]} {[%emt 00:00:12]} 45. Rh7+
{[%clk 00:16:03]} {[%emt 00:00:19]} Kg6 {[%clk 00:11:12]} {[%emt 00:00:08]} 46.
Rd7 {[%clk 00:16:26]} {[%emt 00:00:06]} e4 {[%clk 00:11:06]} {[%emt 00:00:36]}
47. Rxd5 {[%clk 00:16:12]} {[%emt 00:00:44]} e3 {[%clk 00:10:32]} {[%emt
00:01:05]} 48. Re2 {[%clk 00:10:32]} {[%emt 00:06:10]} Re4 {[%clk 00:08:30]}
{[%emt 00:02:31]} 49. Kf3 {[%clk 00:08:22]} {[%emt 00:02:40]} f5 {[%clk
00:07:48]} {[%emt 00:01:12]} 50. Rd6+ {[%emt 00:00:16]} Kf7 {[%clk 00:06:44]}
{[%emt 00:01:26]} 51. Rg2 {[%clk 00:05:54]} {[%emt 00:03:20]} g4+ {[%clk
00:04:27]} {[%emt 00:02:47]} 52. Ke2 {[%clk 00:05:54]} {[%emt 00:00:30]} f4
{[%clk 00:04:36]} {[%emt 00:00:20]} 53. Rxg4 {[%clk 00:05:53]} {[%emt
00:00:31]} f3+ {[%clk 00:04:58]} {[%emt 00:00:10]} 54. Kxf3 {[%clk 00:05:50]}
{[%emt 00:00:33]} Rxg4 {[%clk 00:05:20]} {[%emt 00:00:08]} 55. Rxa6 {[%clk
00:06:08]} {[%emt 00:00:12]} Rg6 {[%clk 00:05:08]} {[%emt 00:00:42]} 56. Rxg6
{[%clk 00:04:29]} {[%emt 00:02:09]} Kxg6 {[%clk 00:05:27]} {[%emt 00:00:11]}
57. c3 {[%clk 00:04:54]} {[%emt 00:00:04]} 1/2-1/2

[Event "DEM U10 2023"]
[Site "Willingen GER"]
[Date "2023.05.28"]
[Round "1"]
[White "Wettstein, Levin"]
[Black "Fadeev, Justin Michael"]
[Result "0-1"]
[Termination "normal"]
[Board "5"]
[WhiteElo "1416"]
[BlackElo "1470"]
[WhiteClock "00:21:29"]
[BlackClock "00:16:21"]
[PlyCount "68"]
[WhiteFideId "34635866"]
[BlackFideId "34602968"]
[EventCountry "GER"]
[EventRounds "11"]
[EventType "swiss"]
[EventDate "2023.05.27"]

1. e4 {[%clk 01:15:58]} c5 {[%clk 01:15:55]} {[%emt 00:00:07]} 2. Nc3 {[%clk
01:16:18]} {[%emt 00:00:09]} Nc6 {[%clk 01:16:16]} {[%emt 00:00:10]} 3. Nf3
{[%clk 01:16:31]} {[%emt 00:00:17]} g6 {[%clk 01:16:40]} {[%emt 00:00:06]} 4.
d4 {[%clk 01:16:35]} {[%emt 00:00:26]} cxd4 {[%clk 01:17:05]} {[%emt 00:00:05]}
5. Nxd4 {[%clk 01:16:54]} {[%emt 00:00:10]} Bg7 {[%clk 01:17:31]} {[%emt
00:00:04]} 6. Be3 {[%clk 01:16:50]} {[%emt 00:00:33]} Nf6 {[%clk 01:17:45]}
{[%emt 00:00:17]} 7. Bc4 {[%clk 01:16:37]} {[%emt 00:00:43]} Qa5 {[%clk
01:16:18]} {[%emt 00:01:57]} 8. f3 {[%clk 01:16:49]} {[%emt 00:00:18]} O-O
{[%clk 01:15:18]} {[%emt 00:01:30]} 9. Qd2 {[%clk 01:15:52]} {[%emt 00:01:27]}
d6 {[%clk 00:51:45]} {[%emt 00:24:03]} 10. Nxc6 {[%clk 01:07:33]} {[%emt
00:08:49]} bxc6 {[%clk 00:52:08]} {[%emt 00:00:09]} 11. O-O-O {[%clk 01:00:16]}
{[%emt 00:07:45]} Rb8 {[%clk 00:43:58]} {[%emt 00:08:39]} 12. Ne2 {[%clk
00:53:41]} {[%emt 00:07:06]} Qa4 {[%clk 00:39:07]} {[%emt 00:05:21]} 13. Bb3
{[%clk 00:52:46]} {[%emt 00:01:24]} Qa6 {[%clk 00:39:08]} {[%emt 00:00:29]} 14.
Qd3 {[%clk 00:51:37]} {[%emt 00:01:40]} Qb7 {[%clk 00:38:32]} {[%emt 00:01:06]}
15. g4 {[%clk 00:45:43]} {[%emt 00:06:24]} a5 {[%clk 00:33:25]} {[%emt
00:05:37]} 16. a4 {[%clk 00:36:15]} {[%emt 00:09:59]} Be6 {[%clk 00:26:55]}
{[%emt 00:07:00]} 17. Nd4 {[%clk 00:33:29]} {[%emt 00:03:15]} Bxb3 {[%clk
00:26:51]} {[%emt 00:00:35]} 18. Nxb3 {[%clk 00:33:42]} {[%emt 00:00:17]} c5
{[%clk 00:25:14]} {[%emt 00:02:06]} 19. g5 {[%emt 00:07:53]} Nh5 {[%clk
00:23:08]} {[%emt 00:00:40]} 20. Bd2 {[%clk 00:26:54]} {[%emt 00:01:50]} c4
{[%clk 00:18:58]} {[%emt 00:04:42]} 21. Qxc4 {[%clk 00:25:15]} {[%emt
00:02:09]} Rfc8 {[%clk 00:19:19]} {[%emt 00:00:10]} 22. Qb5 {[%clk 00:24:33]}
{[%emt 00:01:12]} Qxb5 {[%clk 00:18:03]} {[%emt 00:01:45]} 23. axb5 {[%clk
00:24:54]} {[%emt 00:00:08]} Rxb5 {[%clk 00:18:30]} {[%emt 00:00:03]} 24. Bc3
{[%clk 00:21:42]} {[%emt 00:03:42]} Bxc3 {[%clk 00:18:26]} {[%emt 00:00:35]}
25. bxc3 {[%clk 00:22:06]} {[%emt 00:00:06]} Rxc3 {[%clk 00:18:50]} {[%emt
00:00:06]} 26. Nd4 {[%clk 00:21:48]} {[%emt 00:00:47]} Rbc5 {[%clk 00:17:47]}
{[%emt 00:01:34]} 27. f4 {[%clk 00:21:22]} {[%emt 00:00:56]} e5 {[%clk
00:16:25]} {[%emt 00:01:52]} 28. fxe5 {[%clk 00:20:59]} {[%emt 00:00:53]} dxe5
{[%clk 00:16:47]} {[%emt 00:00:08]} 29. Nf5 {[%clk 00:21:01]} {[%emt 00:00:28]}
Rxc2+ {[%clk 00:16:20]} {[%emt 00:00:57]} 30. Kb1 {[%clk 00:21:23]} {[%emt
00:00:07]} gxf5 {[%clk 00:16:45]} {[%emt 00:00:05]} 31. exf5 {[%emt 00:00:13]}
Rc8 {[%clk 00:15:52]} {[%emt 00:01:23]} 32. f6 {[%clk 00:21:49]} {[%emt
00:00:21]} R2c4 {[%clk 00:15:58]} {[%emt 00:00:24]} 33. Rd5 {[%clk 00:21:29]}
{[%emt 00:00:50]} Rb8+ {[%clk 00:16:21]} {[%emt 00:00:08]} 34. Ka2 {[%clk
00:21:29]} {[%emt 00:00:30]} Ra4# {[%emt 00:00:04]} 0-1